Elaboración de un sistema de gestión de las mediciones conforme la norma INTE-ISO 10012:2003 para el muestreo, análisis y cálculo del contenido de gases disueltos en fluídos dieléctricos realizado por un laboratorio de ensayo
Guardado en:
| Autor principal: | |
|---|---|
| Formato: | Libro |
| Lenguaje: | Spanish |
| Publicado: |
San José, Costa Rica
2017
|
| Materias: | |
| Etiquetas: |
Agregar Etiqueta
Sin Etiquetas, Sea el primero en etiquetar este registro!
|
MARC
| LEADER | 00000nam a22000007a 4500 | ||
|---|---|---|---|
| 001 | TFG 7754 | ||
| 003 | 012603 | ||
| 005 | 20221231144215.0 | ||
| 008 | 170525b2017 cr a|||| m||| 00| ||spa d | ||
| 040 | |c cru CEDI | ||
| 090 | |a TFG 7754 | ||
| 100 | |9 8571 |a Orozco Calderón, Gloriana | ||
| 245 | |a Elaboración de un sistema de gestión de las mediciones conforme la norma INTE-ISO 10012:2003 para el muestreo, análisis y cálculo del contenido de gases disueltos en fluídos dieléctricos realizado por un laboratorio de ensayo | ||
| 260 | |a San José, Costa Rica |c 2017 | ||
| 300 | |a xii,380 hojas : ilustraciones | ||
| 500 | |a Proyecto de graduación (licenciatura en ingeniería química)--Universidad de Costa Rica. Facultad de Ingeniería. Escuela de Ingeniería Química | ||
| 650 | |x CONTROL DE CALIDAD - NORMAS |x DIELECTRICOS |x CROMATOGRAFIA DE GASES |x CALIBRACION |x NORMAS TECNICAS |x MEDICION - INSTRUMENTOS |9 8572 | ||
| 942 | |c TFG | ||
| 999 | |c 18449 |d 18449 | ||
